Names with 'The' II Quiz Stats

 Plays Quiz Updated Aug 17, 2019

Score 0/30 Timer 06:00
0 Plays Today
% Correct
Winnie
97.8%
Kermit
96.4%
Sabrina
95%
Tarzan
91.4%
Puff
91%
Horton
82.7%
Tony
82.7%
Vlad
82.6%
Pennywise
82.3%
Courage
79.2%
Jack
76.1%
Jane
73.6%
Zorba
69.7%
Ferdinand
69.4%
Shaun
59.3%
% Correct
Minnie
57.8%
Gary
45.7%
Ronan
43.1%
Jadis
33.7%
Knuckles
31.2%
Finn
30.2%
Falkor
28.6%
Memnoch
26.4%
Roger
24.3%
Scruffy
22.8%
Kraven
22.2%
Thidwick
22%
Harry
20.3%
Herself
20.2%
Tock
15.4%

You're not logged in!

Compare scores with friends on all Sporcle quizzes.
OR
Log In

Sporcle TV

Today on Sporcle TV


Watch our educational content, quiz creation guides, and fun videos on Sporcle TV.

Show Comments

Extras

Top Quizzes Today


Score Distribution

Your Account Isn't Verified!

In order to create a playlist on Sporcle, you need to verify the email address you used during registration. Go to your Sporcle Settings to finish the process.

Report this User

Report this user for behavior that violates our Community Guidelines.

Details: